[Event "Medellin Navideno op"]
[Site "Medellin"]
[Date "2013.12.19"]
[Round "2"]
[White "Martinez, Juan Fernando"]
[Black "Dominguez Rincon, Miller Duvan"]
[Result "0-1"]
[WhiteElo "1615"]
[BlackElo "2047"]
[PlyCount "98"]
[EventDate "2013.12.18"]
[EventType "swiss"]
[EventRounds "9"]
[EventCountry "COL"]
[SourceTitle "CBM 158 Extra"]
[Source "ChessBase"]
[SourceDate "2014.02.28"]
[SourceVersion "1"]
[SourceVersionDate "2014.02.28"]
[SourceQuality "1"]

1. Nf3 Nf6 2. g3 d5 3. d4 e6 4. Bg2 Be7 5. 0-0 Nbd7 6. h3 0-0 7. Be3 b6 8. Nbd2 c5 9. c3 Re8 10. Nh2 e5 11. f4 exd4 12. cxd4 Bd6 13. Bf2 Ba6 14. Re1 Ne4 15. Nxe4 dxe4 16. e3 Bd3 17. dxc5 Bxc5 18. a3 a5 19. g4 Qe7 20. g5 Rad8 21. Qg4 a4 22. Qg3 b5 23. Ng4 Kh8 24. h4 Bd6 25. Rec1 Nc5 26. Be1 Nb3 27. Bc3 Rc8 28. h5 Rxc3 29. bxc3 Nxc1 30. Rxc1 Bxa3 31. h6 gxh6 32. Qh4 hxg5 33. fxg5 Rg8 34. Nf6 Rg7 35. Rd1 Bc5 36. Re1 a3 37. Kf2 Qe5 38. Bxe4 Bxe4 39. Qxe4 Qxe4 40. Nxe4 Be7 41. Ra1 Rg6 42. Kf3 Kg7 43. Kf4 Ra6 44. Ra2 Kg6 45. Kg4 Ra4 46. Kf3 Kf5 47. Nd2 Kxg5 48. Nb3 Rc4 49. Nd2 Rh4 0-1